000 003580000a22001690004500
001 002353
003 MACL
040 _aMACL
090 _c14346
_d14345
100 _aNeville, Peter
245 _aMussolini
_cPeter Neville
260 _aLotus Collection,
_c2004
350 _a295
650 _aBiography
942 _k920/NEV
_cBOOK
951 _o920/NEV BOOK
999 _c14265
_d14265